002540000a22001210004500060000800000082001700008100001600025245002400041260003000065260000900095300000800104650002000112 a100 a583. 55 CHA aChavan, V M aNiger and safflower aHyderabad, Dr. R Sankaran c1961 a150 aSafflower/niger